<?xml version="1.0" encoding="UTF-8"?>
<record
    xmlns:xsi="http://www.w3.org/2001/XMLSchema-instance"
    xsi:schemaLocation="http://www.loc.gov/MARC21/slim http://www.loc.gov/standards/marcxml/schema/MARC21slim.xsd"
    xmlns="http://www.loc.gov/MARC21/slim">

  <leader>02177cac a2200229 a 4500</leader>
  <controlfield tag="001">4147146</controlfield>
  <controlfield tag="005">20200421093820.0</controlfield>
  <controlfield tag="008">080128i19511982enk      b    000 d eng d</controlfield>
  <datafield tag="040" ind1=" " ind2=" ">
    <subfield code="a">StEdNL</subfield>
  </datafield>
  <datafield tag="100" ind1="1" ind2=" ">
    <subfield code="a">Shakespeare, William,</subfield>
    <subfield code="d">1564-1616.</subfield>
  </datafield>
  <datafield tag="240" ind1="1" ind2="0">
    <subfield code="a">Works.</subfield>
    <subfield code="f">1951</subfield>
  </datafield>
  <datafield tag="245" ind1="1" ind2="4">
    <subfield code="a">The Arden edition of the works of William Shakespeare.</subfield>
    <subfield code="n">Second series /</subfield>
    <subfield code="c">general editors, Harold F. Brooks and Harold Jenkins.</subfield>
  </datafield>
  <datafield tag="260" ind1=" " ind2=" ">
    <subfield code="a">London :</subfield>
    <subfield code="b">Methuen,</subfield>
    <subfield code="c">1951-1982.</subfield>
  </datafield>
  <datafield tag="300" ind1=" " ind2=" ">
    <subfield code="a">38 v. ;</subfield>
    <subfield code="c">23 cm.</subfield>
  </datafield>
  <datafield tag="490" ind1="1" ind2=" ">
    <subfield code="a">Arden Shakespeare</subfield>
  </datafield>
  <datafield tag="504" ind1=" " ind2=" ">
    <subfield code="a">Includes bibliographical references.</subfield>
  </datafield>
  <datafield tag="505" ind1="0" ind2=" ">
    <subfield code="a">All's well that ends well / ed. G.K. Hunter -- Antony and Cleopatra / ed. Peter Ure -- As you like it / ed. Agnes Latham -- The comedy of errors / ed. R.A. Foakes -- Coriolanus / ed. Philip Brockbank -- Cymbeline / ed. J.M. Nosworthy -- Hamlet / ed. Harold Jenkins -- Julius Caesar / ed. T.S. Dorsch -- King Henry IV, pts. 1 and 2 / ed. A.R. Humphreys -- King Henry V / ed. John H. Walter -- King Henry VI pts. 1, 2 and 3 / ed. Andrew S. Cairncross -- King Henry VIII / ed. R.A. Foakes -- King John / ed. E.A.J. Honigmann -- King Lear / ed. Kenneth Muir -- King Richard II / ed. Peter Ure -- King Richard III / ed. Antony Hammond -- Love's labour's lost / ed. Richard David -- Macbeth / ed. Kenneth Muir -- Measure for measure / ed. J.W. Lever -- The merchant of Venice / ed. John Russell Brown -- The merry wives of Windsor / ed. H.J. Oliver -- A midsummer night's dream / ed. Harold F. Brooks -- Much ado about nothing / ed. A.R. Humphreys -- Othello / ed. M.R. Ridley -- Pericles / ed. F.D. Hoeniger -- The poems / ed. F.T. Prince -- Romeo and Juliet / ed. Brian Gibbons -- The taming of the shrew / ed. Brian Morris -- The tempest / ed. F. Kermode -- Timon of Athens / ed. H.J. Oliver -- Titus Andronicus / ed. J.C. Maxwell -- Troilus and Cressida / ed. Kenneth Palmer -- Twelfth night / ed. J.M. Lothian and T.W. Craik -- The two gentlemen of Verona / ed. Clifford Leech -- The winter's tale / ed. J.H.P. Pafford.</subfield>
  </datafield>
  <datafield tag="700" ind1="1" ind2=" ">
    <subfield code="a">Brooks, Harold Fletcher.</subfield>
    <subfield code="9">787</subfield>
  </datafield>
  <datafield tag="700" ind1="1" ind2=" ">
    <subfield code="a">Jenkins, Harold.</subfield>
    <subfield code="9">788</subfield>
  </datafield>
  <datafield tag="800" ind1="1" ind2=" ">
    <subfield code="a">Shakespeare, William,</subfield>
    <subfield code="d">1564-1616.</subfield>
    <subfield code="t">Works.</subfield>
    <subfield code="f">1951.</subfield>
    <subfield code="9">789</subfield>
  </datafield>
  <datafield tag="942" ind1=" " ind2=" ">
    <subfield code="2">ddc</subfield>
    <subfield code="c">BK</subfield>
  </datafield>
  <datafield tag="999" ind1=" " ind2=" ">
    <subfield code="c">144</subfield>
    <subfield code="d">144</subfield>
  </datafield>
  <datafield tag="952" ind1=" " ind2=" ">
    <subfield code="0">0</subfield>
    <subfield code="1">0</subfield>
    <subfield code="4">0</subfield>
    <subfield code="7">0</subfield>
    <subfield code="8">REF</subfield>
    <subfield code="a">FPL</subfield>
    <subfield code="b">FPL</subfield>
    <subfield code="c">GEN</subfield>
    <subfield code="d">2014-09-04</subfield>
    <subfield code="p">39999000005998</subfield>
    <subfield code="r">2014-09-04 00:00:00</subfield>
    <subfield code="w">2014-09-04</subfield>
    <subfield code="y">BK</subfield>
  </datafield>
  <datafield tag="952" ind1=" " ind2=" ">
    <subfield code="0">0</subfield>
    <subfield code="1">0</subfield>
    <subfield code="4">0</subfield>
    <subfield code="7">0</subfield>
    <subfield code="8">REF</subfield>
    <subfield code="a">CPL</subfield>
    <subfield code="b">CPL</subfield>
    <subfield code="c">GEN</subfield>
    <subfield code="d">2014-09-04</subfield>
    <subfield code="p">39999000006018</subfield>
    <subfield code="r">2014-09-04 00:00:00</subfield>
    <subfield code="w">2014-09-04</subfield>
    <subfield code="y">BK</subfield>
  </datafield>
</record>
